| 000 | 01188cam a22003497a 4500 | ||
|---|---|---|---|
| 001 | 16489652 | ||
| 003 | OSt | ||
| 005 | 20211118162722.0 | ||
| 008 | 101005s2010 gw a b 001 0 eng d | ||
| 010 | _a 2010938641 | ||
| 020 | _a3649783642166525 | ||
| 035 | _a(OCoLC)ocn679937185 | ||
| 038 | _aKhadija | ||
| 040 |
_aYDXCP _cYDXCP _dNDD _dBTCTA _dOHX _dDLC |
||
| 042 | _alccopycat | ||
| 050 | 0 | 0 |
_aTA331 _b.M63 2010 |
| 072 | 7 |
_aTA _2lcco |
|
| 082 |
_a629.83 _bMOD |
||
| 245 | 0 | 0 |
_aModeling, diagnostics and process control : _bimplementation in the DiaSter system / _cJózef Korbicz, Jan Maciej Kościelny (eds.). |
| 260 |
_aBerlin ; _aHeidelberg : _bSpringer-Verlag, _c2010. |
||
| 300 |
_axiv, 384 p. : _bill. ; _c24 cm. |
||
| 504 | _aIncludes bibliographical references and index. | ||
| 563 | _aHardcover | ||
| 650 | 0 |
_aProcess control. _984525 |
|
| 650 | 0 |
_aSystems engineering. _984526 |
|
| 700 | 1 |
_aKorbicz, Józef. _984527 |
|
| 700 | 1 |
_aKościelny, Jan Maciej. _984528 |
|
| 906 |
_a7 _bcbc _ccopycat _d2 _encip _f20 _gy-gencatlg |
||
| 942 |
_2ddc _cBK |
||
| 999 |
_c33251 _d33251 |
||